Industry-business school interaction for quality management education (Record no. 70721)

000 -LEADER
fixed length control field 00528pab a2200193 454500
008 - FIXED-LENGTH DATA ELEMENTS--GENERAL INFORMATION
fixed length control field 180718b2006 xxu||||| |||| 00| 0 eng d
100 ## - MAIN ENTRY--PERSONAL NAME
Personal name Sudarsana Reddy G.
245 ## - TITLE STATEMENT
Title Industry-business school interaction for quality management education
260 ## - PUBLICATION, DISTRIBUTION, ETC.
Date of publication, distribution, etc. 2006
300 ## - PHYSICAL DESCRIPTION
Extent p.6-10.
362 ## - DATES OF PUBLICATION AND/OR SEQUENTIAL DESIGNATION
Dates of publication and/or sequential designation 7 Aug
650 ## - SUBJECT ADDED ENTRY--TOPICAL TERM
Topical term or geographic name entry element Industry and education
650 ## - SUBJECT ADDED ENTRY--TOPICAL TERM
Topical term or geographic name entry element Educational quality
650 ## - SUBJECT ADDED ENTRY--TOPICAL TERM
Topical term or geographic name entry element Management education
700 ## - ADDED ENTRY--PERSONAL NAME
Personal name Mohan Reddy P.
700 ## - ADDED ENTRY--PERSONAL NAME
Personal name Raghunath Reddy, S.
773 ## - HOST ITEM ENTRY
Main entry heading University News
909 ## -
-- 70721
Holdings
Withdrawn status Lost status Damaged status Not for loan Permanent Location Current Location Date acquired Serial Enumeration / chronology Barcode Date last seen Price effective from Koha item type
        Indian Institute of Public Administration Indian Institute of Public Administration 2018-07-19 Volume no: 44, Issue no: 32 AR71181 2018-07-19 2018-07-19 Articles

Powered by Koha